Geonostisch-paleontologische Bemerkungen über die Halbinsel Mangischlak und die Aleutischen Inseln. (Record no. 24880)
[ view plain ]
| 000 -LEADER | |
|---|---|
| fixed length control field | 00899cam a22002411 4500 |
| 001 - CONTROL NUMBER | |
| control field | gs 09000458 |
| 003 - CONTROL NUMBER IDENTIFIER | |
| control field | DLC |
| 005 - DATE AND TIME OF LATEST TRANSACTION | |
| control field | 20260227111309.0 |
| 008 - FIXED-LENGTH DATA ELEMENTS--GENERAL INFORMATION | |
| fixed length control field | 870113s1871 ru f b 000 0 ger c |
| 010 ## - LIBRARY OF CONGRESS CONTROL NUMBER | |
| LC control number | gs 09000458 |
| 040 ## - CATALOGING SOURCE | |
| Original cataloging agency | U.S. Geol. Surv. Libr./ICU |
| Transcribing agency | ICU |
| Modifying agency | DLC |
| 043 ## - GEOGRAPHIC AREA CODE | |
| Geographic area code | e-ur-kz |
| 050 00 - LIBRARY OF CONGRESS CALL NUMBER | |
| Classification number | QE276 |
| Item number | .E33 |
| 100 1# - MAIN ENTRY--PERSONAL NAME | |
| Personal name | Eichwald, Carl Eduard von, |
| Dates associated with a name | 1795-1876. |
| 245 10 - TITLE STATEMENT | |
| Title | Geonostisch-paleontologische Bemerkungen über die Halbinsel Mangischlak und die Aleutischen Inseln. |
| 260 ## - PUBLICATION, DISTRIBUTION, ETC. | |
| Place of publication, distribution, etc. | St. Petersburg, |
| Name of publisher, distributor, etc. | Buchdr. der Kaiserlichen Akademie der Wissenschaften, |
| Date of publication, distribution, etc. | 1871. |
| 300 ## - PHYSICAL DESCRIPTION | |
| Extent | iii, 200 p. |
| Other physical details | 20 plates. |
| Dimensions | 24 cm. |
| 504 ## - BIBLIOGRAPHY, ETC. NOTE | |
| Bibliography, etc. note | Bibliographical footnotes. |
| 650 #0 - SUBJECT ADDED ENTRY--TOPICAL TERM | |
| Topical term or geographic name entry element | Geology |
| Geographic subdivision | Kazakhstan |
| -- | Mangyshlak Peninsula. |
| 650 #0 - SUBJECT ADDED ENTRY--TOPICAL TERM | |
| Topical term or geographic name entry element | Geology |
| Geographic subdivision | Alaska |
| -- | Aleutian Islands. |
| 650 #0 - SUBJECT ADDED ENTRY--TOPICAL TERM | |
| Topical term or geographic name entry element | Paleontology |
| Geographic subdivision | Kazakhstan |
| -- | Mangyshlak Peninsula. |
| 650 #0 - SUBJECT ADDED ENTRY--TOPICAL TERM | |
| Topical term or geographic name entry element | Paleontology |
| Geographic subdivision | Alaska |
| -- | Aleutian Islands. |
No items available.